The blind watchmaker : why the evidence of ... Read More
Available copies
- 1 of 1 copy available at LARL/NWRL Consortium. (Show)
- 1 of 1 copy available at Northwest Regional Library.
Current holds
0 current holds with 1 total copy.
Show Only Available Copies
| Location | Call Number / Copy Notes | Barcode | Shelving Location | Status | Due Date |
|---|---|---|---|---|---|
| Thief River Falls Public Library | 576.82 DAW (Text) | 35500004053649 | Main | Available | - |
Record details
- ISBN: 0393315703
- Physical Description: xvii, 358 p. : ill. ; 21 cm.
- Publisher: New York : Norton, 1996.
Content descriptions
| Bibliography, etc. Note: | Includes bibliographical references (p. 321-326) ... Read More |
Search for related items by subject
| Subject: | Evolution (Biology) Natural selection |
| LDR | 00854cam a2200217 a 4500 | ||
|---|---|---|---|
| 001 | 82732 | ||
| 003 | LARL_NWRL_CONSORTIUM | ||
| 005 | 20000105132940.0 | ||
| 008 | 961213r19961986nyua b 001 0 eng | ||
| 010 | . | ‡a96229669 | |
| 020 | . | ‡a0393315703 | |
| 040 | . | ‡aDLC ‡cDLC ‡dOHH | |
| 100 | 1 | . | ‡aDawkins, Richard, ‡d1941- ‡0(LARL_NWRL_CONSORTIUM)153311 |
| 245 | 1 | 4. | ‡aThe blind watchmaker : ‡bwhy the evidence of evolution reveals a universe without design / ‡cRichard Dawkins ; with a new introduction. |
| 260 | . | ‡aNew York : ‡bNorton, ‡c1996. | |
| 300 | . | ‡axvii, 358 p. : ‡bill. ; ‡c21 cm. | |
| 504 | . | ‡aIncludes bibliographical references (p. 321-326) and index. | |
| 650 | 0. | ‡aEvolution (Biology) ‡0(LARL_NWRL_CONSORTIUM)37744 | |
| 650 | 0. | ‡aNatural selection ‡0(LARL_NWRL_CONSORTIUM)26587 | |
| 901 | . | ‡a82732 ‡bISxN ‡c82732 ‡tbiblio | |

Add to basket
Permalink
Disable Highlighting